عرض عادي
عرض مارك
- Peake, Stephen,
مدخل إسم شخص
001 - رقم الضبط
- حقل الضبط: 64349
003 - معرف رقم الضبط
- حقل الضبط: OSt
005 - تاريخ ووقت أخر عملية
- حقل الضبط: 20180817202043.0
008 - عناصر بيانات ثابتة الطول
- حقل تحكم ثابت الطول: 180817|| aca||aabn | a|a d
040 ## - مصدر الفهرسة
- هيئة الفهرسة الأصلية: OSt
- وكالة الكتابة: OSt
100 ## - مدخل -- أسم شخص
- إسم شخص: Peake, Stephen,
- مصطلح الرابط: editor.
670 ## - بيانات المصدر موجوده
- الاستشهاد بالمصدر: Work cat.: (OSt)39949: Renewable energy :, 2012.
